| 000 | 00748nam a2200217 a 4500 | ||
|---|---|---|---|
| 001 | 000044733 | ||
| 005 | 20201002045603.0 | ||
| 008 | 150108s2014 dr a 000 p spa d | ||
| 020 | _a9789945166415 | ||
| 040 |
_aDO-SdBNP _bspa _cBNPHU |
||
| 245 | 0 | 0 |
_aTrascendidas. / _cNelsy Aldebot Reyes, Yanerys Aybar, María Hortensia de la Cruz,[et.al]. |
| 260 |
_aSanto Domingo, : _bBúho, _c2014. |
||
| 300 |
_a117 p. : _bil. ; _c22 cm. |
||
| 700 | 1 |
_aAldebot Reyes, Nelsy _937530 |
|
| 700 | 1 |
_aAybar, Yanerys _972731 |
|
| 700 | 1 |
_aHortensia de la Cruz, María _972732 |
|
| 700 | 1 |
_aGarcía, Xiomara Altagracia _972733 |
|
| 700 | 1 |
_aLuciano Sánchez, Carolina _972734 |
|
| 700 | 1 |
_aNikitenko, Ekaterina _972735 |
|
| 700 | 1 |
_aPacheco Salazar, Berenice _943335 |
|
| 999 |
_c44222 _d44222 |
||